<?xml version="1.0" encoding="UTF-8"?>
<record
    xmlns:xsi="http://www.w3.org/2001/XMLSchema-instance"
    xsi:schemaLocation="http://www.loc.gov/MARC21/slim http://www.loc.gov/standards/marcxml/schema/MARC21slim.xsd"
    xmlns="http://www.loc.gov/MARC21/slim">

  <leader>01287nab a2200229 i 4500</leader>
  <controlfield tag="001">BPP</controlfield>
  <controlfield tag="003">BPK</controlfield>
  <controlfield tag="005">20160121085421.0</controlfield>
  <controlfield tag="008">160121s1982    pl  |  |     |100 ||pol</controlfield>
  <datafield tag="040" ind1=" " ind2=" ">
    <subfield code="c">BPK</subfield>
  </datafield>
  <datafield tag="080" ind1=" " ind2=" ">
    <subfield code="a">796.012</subfield>
  </datafield>
  <datafield tag="100" ind1=" " ind2=" ">
    <subfield code="a">KRAWIEC, Stanis&#x142;aw.</subfield>
    <subfield code="d">1981 - 1991.</subfield>
    <subfield code="b">Wy&#x17C;sza Szko&#x142;a In&#x17C;ynierska w Koszalinie - Studium Wychowania Fizycznego i Sportu</subfield>
  </datafield>
  <datafield tag="245" ind1=" " ind2=" ">
    <subfield code="a">Rozw&#xF3;j dziesi&#x119;cioboju w Polsce w latach 1974 -1978 /</subfield>
    <subfield code="c">Stanis&#x142;aw Krawiec.</subfield>
  </datafield>
  <datafield tag="260" ind1=" " ind2=" ">
    <subfield code="c">1982.</subfield>
  </datafield>
  <datafield tag="500" ind1=" " ind2=" ">
    <subfield code="a">Dane z autopsji.</subfield>
  </datafield>
  <datafield tag="520" ind1=" " ind2=" ">
    <subfield code="a">Om&#xF3;wiono tendencje rozwoju wynik&#xF3;w uzyskiwanych w dziesi&#x119;cioboju lekkoatletycznym w Polsce w latach 1974-1978. Wykazano r&#xF3;wnie&#x17C; r&#xF3;&#x17C;nice wyst&#x119;puj&#x105;ce w rozwoju poszczeg&#xF3;lnych konkurencji, oraz stosunkowo niskie rezultaty uzyskiwane w rzutach lekkoatletycznych upatruj&#x105;c przyczyny w m&#x142;odym wieku zawodnik&#xF3;w.</subfield>
  </datafield>
  <datafield tag="650" ind1=" " ind2=" ">
    <subfield code="a">Dziesi&#x119;ciob&#xF3;j lekkoatletyczny.</subfield>
  </datafield>
  <datafield tag="655" ind1=" " ind2="0">
    <subfield code="a">Materia&#x142;y konferencyjne.</subfield>
  </datafield>
  <datafield tag="711" ind1=" " ind2=" ">
    <subfield code="a">Seminarium : Przyrodnicze podstawy wychowania fizycznego i sportu w uczelniach technicznych</subfield>
    <subfield code="n">(4 ;</subfield>
    <subfield code="d">1981.11.27 ;</subfield>
    <subfield code="c">Koszalin, Polska).</subfield>
  </datafield>
  <datafield tag="773" ind1=" " ind2=" ">
    <subfield code="i">W :</subfield>
    <subfield code="t">Zeszyty Naukowe Wy&#x17C;szej Szko&#x142;y In&#x17C;ynierskiej w Koszalinie. Prace Studium Wychowania Fizycznego i Sportu Uczelni Technicznych. -</subfield>
    <subfield code="g">1982, nr 8, s. 168-178</subfield>
  </datafield>
  <datafield tag="942" ind1=" " ind2=" ">
    <subfield code="c">ART</subfield>
    <subfield code="2">UKD</subfield>
  </datafield>
  <datafield tag="999" ind1=" " ind2=" ">
    <subfield code="c">5142</subfield>
    <subfield code="d">5142</subfield>
  </datafield>
  <datafield tag="952" ind1=" " ind2=" ">
    <subfield code="0">0</subfield>
    <subfield code="1">0</subfield>
    <subfield code="4">0</subfield>
    <subfield code="7">0</subfield>
    <subfield code="a">BPK</subfield>
    <subfield code="b">BPK</subfield>
    <subfield code="o">0153</subfield>
    <subfield code="y">ART</subfield>
  </datafield>
</record>
